Organizácia práce, pracovný čas a zamestnanecké benefity
Pohodu na pracovisku a s ňou aj výkon ovplyvňujú ústretové kroky k potrebám zamestnancov z hľadiska organizácie práce a pracovného času.
Saved in:
| Main Author: | |
|---|---|
| Format: | Book Chapter |
| Language: | Slovak |
| Subjects: | |
| Tags: |
No Tags, Be the first to tag this record!
|
MARC
| LEADER | 00000naa a2200000 4500 | ||
|---|---|---|---|
| 001 | 0204760 | ||
| 005 | 20220725111239.7 | ||
| 041 | 0 | |a slo | |
| 044 | |a SK | ||
| 245 | 1 | 0 | |a Organizácia práce, pracovný čas a zamestnanecké benefity |c Dominika Ondrová |
| 520 | |a Pohodu na pracovisku a s ňou aj výkon ovplyvňujú ústretové kroky k potrebám zamestnancov z hľadiska organizácie práce a pracovného času. | ||
| 610 | 2 | 0 | |a organizácia práce |
| 610 | 2 | 0 | |a čas pracovný |
| 610 | 2 | 0 | |a benefity |
| 610 | 2 | 0 | |a Slovensko |
| 610 | 2 | 0 | |a práca tímová |
| 100 | 1 | |a Ondrová, Dominika | |